Minimálna mzda v roku 2016

Ustanovenie výšky minimálnej mzdy za rok 2016.

Gespeichert in:
Bibliographische Detailangaben
1. Verfasser: Mrukviová Tomiová, Sandra
Format: Buchkapitel
Sprache:Slowakisch
Schlagworte:
Tags: Tag hinzufügen
Keine Tags, Fügen Sie das erste Tag hinzu!

MARC

LEADER 00000naa a2200000 4500
001 0211039
005 20231120131003.4
041 0 |a slo 
044 |a SK 
245 1 0 |a Minimálna mzda v roku 2016  |c Sandra Mrukviová Tomiová 
520 |a Ustanovenie výšky minimálnej mzdy za rok 2016. 
610 2 0 |a mzdy minimálne 
610 2 0 |a legislatíva 
610 2 0 |a Slovensko 
100 1 |a Mrukviová Tomiová, Sandra